000 00563nam a22001817a 4500
005 20240301122222.0
010 _aENG-138081
020 _a9789394290044
_c1350.00
035 _aEN-121613
037 _bDBAD/PUB
082 _a704.9481
100 _aPandey Poonam
_962663
245 _aDimension Of Buddhist Art/
_hEnglish
260 _aSubhash Park
_bBlue Ink International Publishers& Distributors
270 _a1/11137, Top Floor , Lane nn. 10
_bShahdraa
_e110032
300 _a264p
_c23cm(pbk)
942 _2ddc
_cEN
_h704.9481
_mPAN
_e2022
999 _c198264
_d198264